banner-ar

حق المؤلف واحكام الرقابة على المصنفات طبقا للتعديلات الورادة بالقانون رقم 38 لسنة 1992 / (Record no. 54945)

MARC details
000 -الفاتح
حقل البيانات ثابتة الطول 00620nam a2200157Ia 4500
005 - وقت وتاريخ اخر تعامل مع التسجيلة
رقم الضبط 20240530105326.0
008 - عناصر البيانات ثابتة الطول - معلومات عامة
حقل البيانات ثابتة الطول 140319s9999 xx 000 0 ara d
040 ## - مصدر الفهرسة
وكالة الفهرسة الأصلية GCL /
وكالة النسخ GCL
082 04 - رقم تصنيف ديوى العشرى
رقم التصنيف 346.048 /
رقم المادة ع ح
100 1# - المدخل الرئيسى - إسم شخصى
رمز الرابط عبدالحميد المنشاوى
245 10 - بيان العنوان
العنوان حق المؤلف واحكام الرقابة على المصنفات طبقا للتعديلات الورادة بالقانون رقم 38 لسنة 1992 /
بقية العنوان عبدالحميد المنشاوى
260 ## - PUBLICATION, DISTRIBUTION, ETC. (IMPRINT)
تاريخ النشر أو التوزيع 1994
300 ## - الوصف المادى
التعداد 344 ص
تفاصيل ماديه اخرى للوعاء 24 سم
942 ## - عناصر المدخل الإضافي( كوها)
مصدر التصنيف او مخطط الترفيف Dewey Decimal Classification
Koha [default] item type كتاب
260 ## - PUBLICATION, DISTRIBUTION, ETC. (IMPRINT)
-- [ الاسكندرية ] :
-- دار الفكر الجامعى ،
Holdings
حالة التراجع حالة الفقد حالة تلف ليس للاعارة المكان المؤقت الموقع الحالى تاريخ الاكتساب اجمالي اﻻعارات رقم الطلب الباركود تاريخ اخر مشاهدة تاريخ تفعيل السعر نوع وعاء كوها
        مكتبة القاهرة الكبرى مكتبة القاهرة الكبرى 03/26/2014   346.048\ع ح 132064 03/26/2014 03/26/2014 كتاب

Powered By

EGPV